[Event "Liga Madrileña - DH 2014-2015"]
[Site "Madrid ESP"]
[Date "2015.02.15"]
[Round "10.14"]
[White "Rioboo de la Riva, Alvaro"]
[Black "Alarcia Astiz, Carlos"]
[Result "1-0"]
[WhiteElo "2270"]
[BlackElo "2337"]
[PlyCount "95"]
[EventDate "2014.11.23"]
[EventType "team-tourn"]
[EventRounds "14"]
[EventCountry "ESP"]
[Source "lmi"]
[SourceDate "2014.11.23"]
[WhiteTeam "64 Villalba"]
[BlackTeam "Blanco y Negro"]
[WhiteTeamCountry "ESP"]
[BlackTeamCountry "ESP"]

1. e4 c6 2. c4 d5 3. cxd5 cxd5 4. exd5 Nf6 5. Nc3 Nxd5 6. Nf3 Nc6 7. Bc4 e6 8.
O-O Nxc3 9. bxc3 Be7 10. Rb1 O-O 11. Re1 b6 12. d4 Bb7 13. Bd3 Rc8 14. Bd2 g6
15. Bh6 Re8 16. Rc1 Na5 17. Ne5 Bg5 18. Bxg5 Qxg5 19. g3 Rc7 20. h4 Qe7 21. Qd2
Rec8 22. Bf1 Bd5 23. Ba6 Rd8 24. Bf1 Qf6 25. Re3 Nc4 26. Bxc4 Bxc4 27. Ng4 Qe7
28. Rf3 f5 29. Ne5 Bd5 30. Re3 f4 31. Re2 Rf8 32. c4 Ba8 33. Nd3 fxg3 34. fxg3
Rd7 35. Ne5 Rdd8 36. Kh2 Rf5 37. Rce1 Qd6 38. d5 exd5 39. Ng4 Rf3 40. Nh6+ Kf8
41. Qg5 Qf6 42. Re7 Qxg5 43. hxg5 dxc4 44. Rxh7 Rf2+ 45. Kg1 Rg2+ 46. Kf1 Bd5
47. Rh8+ Kg7 48. Rxd8 1-0

[Event "Liga Madrileña - DH 2014-2015"]
[Site "Madrid ESP"]
[Date "2015.02.15"]
[Round "10.15"]
[White "Renteria Becerra, Jorge Elicer"]
[Black "Cabanas Jimenez, Andres"]
[Result "0-1"]
[WhiteElo "2253"]
[BlackElo "2212"]
[PlyCount "78"]
[EventDate "2014.11.23"]
[EventType "team-tourn"]
[EventRounds "14"]
[EventCountry "ESP"]
[Source "lmi"]
[SourceDate "2014.11.23"]
[WhiteTeam "Blanco y Negro"]
[BlackTeam "64 Villalba"]
[WhiteTeamCountry "ESP"]
[BlackTeamCountry "ESP"]

1. d4 Nf6 2. c4 g6 3. f3 d5 4. cxd5 Nxd5 5. e4 Nb6 6. Nc3 Bg7 7. Be3 Nc6 8. d5
Ne5 9. Bd4 O-O 10. f4 Ng4 11. Bxg7 Kxg7 12. Qd4+ Kg8 13. Nf3 e6 14. h3 Nf6 15.
O-O-O exd5 16. e5 Nh5 17. g4 c5 18. Qd2 Ng3 19. f5 f6 20. fxg6 Be6 21. Qh6 Qc7
22. gxh7+ Qxh7 23. Qxh7+ Kxh7 24. Bd3+ Ne4 25. exf6 Rxf6 26. Bxe4+ dxe4 27.
Ng5+ Kg8 28. Ngxe4 Rf3 29. Nxc5 Bf7 30. Nxb7 Rb8 31. Nd6 Bg6 32. Rdf1 Rd3 33.
Nf5 Nc4 34. Ne7+ Kg7 35. Nxg6 Rxb2 36. Nd1 Rxa2 37. Nf4 Rdd2 38. Ne6+ Kg6 39.
Nd4 Ra1# 0-1

[Event "Liga Madrileña - DH 2014-2015"]
[Site "Madrid ESP"]
[Date "2015.02.15"]
[Round "10.16"]
[White "Gutierrez Castillo, Oscar"]
[Black "Garrido Olivares, Ricard"]
[Result "0-1"]
[WhiteElo "2165"]
[BlackElo "2181"]
[PlyCount "113"]
[EventDate "2014.11.23"]
[EventType "team-tourn"]
[EventRounds "14"]
[EventCountry "ESP"]
[Source "lmi"]
[SourceDate "2014.11.23"]
[WhiteTeam "64 Villalba"]
[BlackTeam "Blanco y Negro"]
[WhiteTeamCountry "ESP"]
[BlackTeamCountry "ESP"]

1. e4 c6 2. d4 d5 3. Nc3 dxe4 4. Nxe4 Bf5 5. Ng3 Bg6 6. h4 h6 7. Nh3 Nf6 8. Nf4
Bh7 9. Bc4 e6 10. O-O Bd6 11. Re1 O-O 12. c3 Nbd7 13. Ngh5 Nb6 14. Bd3 Nbd5 15.
g3 Nxf4 16. Bxf4 Nxh5 17. Bxh7+ Kxh7 18. Bxd6 Qxd6 19. Qxh5 Rad8 20. Qa5 Qb8
21. Re5 Rd5 22. Rxd5 cxd5 23. Re1 Rc8 24. Re3 Rc6 25. Rf3 Kg8 26. Qa3 Qc7 27.
b3 Ra6 28. Qb2 b5 29. Qe2 Rb6 30. Re3 a6 31. Qd3 Rc6 32. Kg2 Qa5 33. Qc2 Qb6
34. Qd2 a5 35. Qd3 b4 36. c4 dxc4 37. bxc4 Qa6 38. d5 Rxc4 39. dxe6 Qc6+ 40.
Kh2 fxe6 41. Qd8+ Kh7 42. Qd3+ Kg8 43. Qd8+ Kh7 44. Qd2 g6 45. Rf3 Kg7 46. Qe3
Rc5 47. Qf4 Rf5 48. Qd4+ e5 49. Qa7+ Kf6 50. Rxf5+ Kxf5 51. Qxa5 Qe4 52. Qa7
Kg4 53. Qd7+ Kf3 54. Qf7+ Ke2 55. Qf6 h5 56. f3 Qc2 57. Kh3 0-1

[Event "Liga Madrileña - DH 2014-2015"]
[Site "Madrid ESP"]
[Date "2015.02.15"]
[Round "10.21"]
[White "Anton Guijarro, David"]
[Black "Candela Perez, Jose"]
[Result "1-0"]
[WhiteElo "2607"]
[BlackElo "2430"]
[PlyCount "67"]
[EventDate "2014.11.23"]
[EventType "team-tourn"]
[EventRounds "14"]
[EventCountry "ESP"]
[Source "lmi"]
[SourceDate "2014.11.23"]
[WhiteTeam "Virgen de Atocha"]
[BlackTeam "La Casa del Ajedrez"]
[WhiteTeamCountry "ESP"]
[BlackTeamCountry "ESP"]

1. e4 e5 2. Nf3 Nc6 3. Bb5 a6 4. Ba4 Nf6 5. O-O Be7 6. Re1 b5 7. Bb3 d6 8. c3
O-O 9. h3 Na5 10. Bc2 c5 11. d4 Qc7 12. Nbd2 cxd4 13. cxd4 Nc6 14. a3 Nxd4 15.
Nxd4 exd4 16. Nf3 Bb7 17. Bf4 Rfe8 18. Nxd4 Bf8 19. Qf3 Qb6 20. Rad1 Rac8 21.
Bb1 Rc4 22. Be3 Bxe4 23. Bxe4 Rxe4 24. Nb3 Qc7 25. Nd2 d5 26. Nxe4 dxe4 27. Qf5
Be7 28. Rc1 g6 29. Rxc4 bxc4 30. Qf4 Qd8 31. Qe5 Bd6 32. Qd4 Qa5 33. Qxd6 Qxe1+
34. Kh2 1-0

[Event "Liga Madrileña - DH 2014-2015"]
[Site "Madrid ESP"]
[Date "2015.02.15"]
[Round "10.22"]
[White "Gallego Jimenez, Victoriano"]
[Black "Almagro Llamas, Pablo"]
[Result "0-1"]
[WhiteElo "2340"]
[BlackElo "2487"]
[PlyCount "47"]
[EventDate "2014.11.23"]
[EventType "team-tourn"]
[EventRounds "14"]
[EventCountry "ESP"]
[Source "lmi"]
[SourceDate "2014.11.23"]
[WhiteTeam "La Casa del Ajedrez"]
[BlackTeam "Virgen de Atocha"]
[WhiteTeamCountry "ESP"]
[BlackTeamCountry "ESP"]

1. c4 e5 2. Nc3 Nc6 3. Nf3 f5 4. d4 e4 5. Ng5 Nf6 6. f3 Bb4 7. fxe4 fxe4 8. e3
h6 9. Nh3 d6 10. Bd2 O-O 11. Nf2 Qe8 12. Qe2 Qg6 13. O-O-O Bxc3 14. Bxc3 Bg4
15. Nxg4 Nxg4 16. Rd2 Qg5 17. h4 Qg6 18. Qe1 Ne7 19. Be2 Nxe3 20. Bh5 Qxh5 21.
Qxe3 d5 22. cxd5 Qxd5 23. Re1 Qxa2 24. Qxe4 0-1

[Event "Liga Madrileña - DH 2014-2015"]
[Site "Madrid ESP"]
[Date "2015.02.15"]
[Round "10.23"]
[White "Rubio Mejia, Luis Ignacio"]
[Black "Suarez Uriel, Adrian"]
[Result "1-0"]
[WhiteElo "2453"]
[BlackElo "2283"]
[PlyCount "63"]
[EventDate "2014.11.23"]
[EventType "team-tourn"]
[EventRounds "14"]
[EventCountry "ESP"]
[Source "lmi"]
[SourceDate "2014.11.23"]
[WhiteTeam "Virgen de Atocha"]
[BlackTeam "La Casa del Ajedrez"]
[WhiteTeamCountry "ESP"]
[BlackTeamCountry "ESP"]

1. d4 Nf6 2. c4 g6 3. Nc3 d5 4. Nf3 Bg7 5. Bf4 O-O 6. e3 c5 7. dxc5 Qa5 8. Rc1
Rd8 9. Qa4 Qxc5 10. b4 Qc6 11. Qb3 b6 12. Ne5 Qb7 13. cxd5 e6 14. Be2 exd5 15.
Nb5 Ne8 16. Nd4 Be6 17. h4 Rc8 18. O-O Nd7 19. Nec6 Ndf6 20. Rc2 Bf8 21. Rfc1
Bd6 22. Bxd6 Nxd6 23. Qb2 Nfe4 24. Nxe6 fxe6 25. Qe5 Re8 26. Bg4 Qf7 27. f3 Nf5
28. fxe4 Nxe3 29. Bf3 Nxc2 30. Rxc2 Rac8 31. exd5 exd5 32. Ne7+ 1-0

[Event "Liga Madrileña - DH 2014-2015"]
[Site "Madrid ESP"]
[Date "2015.02.15"]
[Round "10.24"]
[White "Madina Yadarola, Martin"]
[Black "Congiu, Mathilde"]
[Result "0-1"]
[WhiteElo "2281"]
[BlackElo "2317"]
[PlyCount "86"]
[EventDate "2014.11.23"]
[EventType "team-tourn"]
[EventRounds "14"]
[EventCountry "ESP"]
[Source "lmi"]
[SourceDate "2014.11.23"]
[WhiteTeam "La Casa del Ajedrez"]
[BlackTeam "Virgen de Atocha"]
[WhiteTeamCountry "ESP"]
[BlackTeamCountry "ESP"]

1. g3 g6 2. Bg2 Bg7 3. d4 Nf6 4. e4 d6 5. Ne2 O-O 6. O-O Nbd7 7. b3 Rb8 8. Bb2
c5 9. h3 Qc7 10. c4 a6 11. Nbc3 b5 12. Nd5 Nxd5 13. cxd5 Nb6 14. Qc2 c4 15. a4
Qb7 16. axb5 axb5 17. b4 Na4 18. Bc1 Bd7 19. Be3 Rfc8 20. Nc3 Ra8 21. Kh2 Ra6
22. f4 Rca8 23. g4 Qa7 24. Ne2 Nb6 25. Rxa6 Qxa6 26. e5 Qa2 27. Rc1 Ra3 28. Bd2
Qxc2 29. Rxc2 h5 30. Nc3 Rb3 31. e6 fxe6 32. gxh5 gxh5 33. dxe6 Bxe6 34. Nxb5
Bd5 35. Bf1 Rf3 36. Kg1 Bc6 37. Rc3 Rxf1+ 38. Kxf1 Bxb5 39. Be3 Nd5 40. Ra3
Nxe3+ 41. Rxe3 Kf7 42. Ra3 c3+ 43. Ke1 Bxd4 0-1

[Event "Liga Madrileña - DH 2014-2015"]
[Site "Madrid ESP"]
[Date "2015.02.15"]
[Round "10.25"]
[White "Fernandez Barrera, Victor"]
[Black "Collado Barbas, Laura"]
[Result "1-0"]
[WhiteElo "2261"]
[BlackElo "2132"]
[PlyCount "67"]
[EventDate "2014.11.23"]
[EventType "team-tourn"]
[EventRounds "14"]
[EventCountry "ESP"]
[Source "lmi"]
[SourceDate "2014.11.23"]
[WhiteTeam "Virgen de Atocha"]
[BlackTeam "La Casa del Ajedrez"]
[WhiteTeamCountry "ESP"]
[BlackTeamCountry "ESP"]

1. e4 e6 2. d4 d5 3. Nd2 Nf6 4. e5 Nfd7 5. Bd3 c5 6. c3 Nc6 7. Ne2 cxd4 8. cxd4
f6 9. exf6 Nxf6 10. O-O Bd6 11. Nf3 Qc7 12. Bg5 O-O 13. Bh4 e5 14. dxe5 Nxe5
15. Nxe5 Bxe5 16. Bg3 Bxg3 17. hxg3 Ng4 18. Nd4 Qf7 19. Be2 Qh5 20. Bxg4 Bxg4
21. f3 Bd7 22. Qd2 Rf6 23. Rae1 Rg6 24. Ne2 Qf5 25. g4 Qf7 26. Nf4 Rd6 27. Qb4
Rb6 28. Qd4 Rd6 29. Re5 Rd8 30. Rfe1 Bc8 31. Nh5 Qf8 32. Re8 Rxe8 33. Rxe8 Rd7
34. Rxf8+ 1-0

[Event "Liga Madrileña - DH 2014-2015"]
[Site "Madrid ESP"]
[Date "2015.02.15"]
[Round "10.26"]
[White "Unciti Juan, Javier"]
[Black "Rodrigo Yanguas, Maria"]
[Result "0-1"]
[WhiteElo "2110"]
[BlackElo "2184"]
[PlyCount "46"]
[EventDate "2014.11.23"]
[EventType "team-tourn"]
[EventRounds "14"]
[EventCountry "ESP"]
[Source "lmi"]
[SourceDate "2014.11.23"]
[WhiteTeam "La Casa del Ajedrez"]
[BlackTeam "Virgen de Atocha"]
[WhiteTeamCountry "ESP"]
[BlackTeamCountry "ESP"]

1. e4 e6 2. d4 d5 3. e5 c5 4. c3 Nc6 5. Be3 Qb6 6. Qd2 Nh6 7. Nf3 Nf5 8. Bd3
Be7 9. O-O O-O 10. g4 Nxe3 11. fxe3 c4 12. Bc2 f6 13. exf6 Bxf6 14. g5 Be7 15.
e4 e5 16. exd5 exd4 17. cxd4 Rxf3 18. dxc6 Bxg5 19. Qxg5 Qxd4+ 20. Kg2 Rxf1 21.
Bxh7+ Kxh7 22. Qh5+ Kg8 23. Kxf1 Bg4 0-1

[Event "Liga Madrileña - DH 2014-2015"]
[Site "Madrid ESP"]
[Date "2015.02.15"]
[Round "10.31"]
[White "Valles Moreno, Ivan"]
[Black "Fraga Castro, Jose Carlos"]
[Result "1-0"]
[WhiteElo "2391"]
[BlackElo "2174"]
[PlyCount "59"]
[EventDate "2014.11.23"]
[EventType "team-tourn"]
[EventRounds "14"]
[EventCountry "ESP"]
[Source "lmi"]
[SourceDate "2014.11.23"]
[WhiteTeam "Liberty Chess"]
[BlackTeam "Moratalaz"]
[WhiteTeamCountry "ESP"]
[BlackTeamCountry "ESP"]

1. e4 e5 2. Bc4 Nc6 3. Nf3 Be7 4. d3 Nf6 5. O-O O-O 6. Re1 d6 7. c3 Na5 8. Bb5
a6 9. Ba4 b5 10. Bc2 c5 11. Nbd2 Nc6 12. h3 Re8 13. Nf1 h6 14. d4 Qc7 15. d5
Nb8 16. a4 Bb7 17. Ng3 Bf8 18. b3 Nbd7 19. a5 g6 20. Be3 Bg7 21. Qd2 Kh7 22.
Rf1 Ng8 23. Nh2 Rf8 24. Ra2 Rae8 25. Bb1 h5 26. Nf3 f6 27. Nh4 Bh6 28. Qd1 Nb8
29. Nxg6 Kxg6 30. Qxh5+ 1-0

[Event "Liga Madrileña - DH 2014-2015"]
[Site "Madrid ESP"]
[Date "2015.02.15"]
[Round "10.32"]
[White "Gonzalez Rivera, Eduardo"]
[Black "Sanchez Gonzalez, Sergio"]
[Result "0-1"]
[WhiteElo "2092"]
[BlackElo "2298"]
[PlyCount "56"]
[EventDate "2014.11.23"]
[EventType "team-tourn"]
[EventRounds "14"]
[EventCountry "ESP"]
[Source "lmi"]
[SourceDate "2014.11.23"]
[WhiteTeam "Moratalaz"]
[BlackTeam "Liberty Chess"]
[WhiteTeamCountry "ESP"]
[BlackTeamCountry "ESP"]

1. e4 c5 2. Nf3 d6 3. d4 cxd4 4. Nxd4 Nf6 5. Nc3 e6 6. Bc4 Be7 7. O-O O-O 8.
Bb3 Na6 9. f4 Nc5 10. Qf3 a6 11. f5 e5 12. Nde2 b5 13. Bg5 a5 14. Bxf6 Bxf6 15.
Ng3 a4 16. Bd5 Rb8 17. Nh5 b4 18. Nd1 Kh8 19. Ne3 b3 20. Ng4 bxc2 21. Ngxf6
gxf6 22. Qe3 Nd7 23. Qh6 Rg8 24. Bxf7 Qf8 25. Qxf8 Rxf8 26. Bd5 Rxb2 27. Rac1
Ba6 28. Rfe1 Nc5 0-1

[Event "Liga Madrileña - DH 2014-2015"]
[Site "Madrid ESP"]
[Date "2015.02.15"]
[Round "10.33"]
[White "Gallardo Garcia, Andres"]
[Black "Cortes Jurado, Rafael"]
[Result "0-1"]
[WhiteElo "2329"]
[BlackElo "2058"]
[PlyCount "93"]
[EventDate "2014.11.23"]
[EventType "team-tourn"]
[EventRounds "14"]
[EventCountry "ESP"]
[Source "lmi"]
[SourceDate "2014.11.23"]
[WhiteTeam "Liberty Chess"]
[BlackTeam "Moratalaz"]
[WhiteTeamCountry "ESP"]
[BlackTeamCountry "ESP"]

1. g3 g6 2. Bg2 Bg7 3. Nf3 Nf6 4. O-O O-O 5. c4 c6 6. d4 d5 7. Qb3 dxc4 8. Qxc4
b5 9. Qb3 a5 10. a4 Qb6 11. axb5 cxb5 12. Na3 b4 13. Nc4 Qb5 14. Nfe5 a4 15.
Qf3 Ra7 16. e4 Nbd7 17. b3 a3 18. Bf4 Nh5 19. Be3 Rc7 20. Ng4 Nhf6 21. Nh6+ Kh8
22. e5 Bb7 23. Qf4 Nd5 24. Qh4 Nxe3 25. fxe3 Bxg2 26. Kxg2 Qc6+ 27. Kg1 g5 28.
Nxf7+ Rxf7 29. Qxg5 Rxf1+ 30. Rxf1 Nf8 31. Qg4 Qg6 32. Qf3 Rxc4 33. bxc4 b3 34.
e4 Qb6 35. c5 Qb5 36. c6 a2 37. c7 Qb7 38. Qc3 b2 39. c8=Q Qxc8 40. Qxc8 b1=Q
41. Qa8 h6 42. Kg2 Qb2+ 43. Kh3 Kh7 44. Qa6 Ng6 45. Rd1 Qb3 46. Qf1 Qe3 47. Qf7
0-1

[Event "Liga Madrileña - DH 2014-2015"]
[Site "Madrid ESP"]
[Date "2015.02.15"]
[Round "10.34"]
[White "Mansilla Tolosa, Luis Eduardo"]
[Black "Hinojar Diez, David"]
[Result "1-0"]
[WhiteElo "2053"]
[BlackElo "2164"]
[PlyCount "115"]
[EventDate "2014.11.23"]
[EventType "team-tourn"]
[EventRounds "14"]
[EventCountry "ESP"]
[Source "lmi"]
[SourceDate "2014.11.23"]
[WhiteTeam "Moratalaz"]
[BlackTeam "Liberty Chess"]
[WhiteTeamCountry "ESP"]
[BlackTeamCountry "ESP"]

1. d4 Nf6 2. c4 e6 3. g3 d5 4. Bg2 c6 5. Nf3 Nbd7 6. O-O Bd6 7. b3 O-O 8. Bb2
Bc7 9. Nbd2 Re8 10. Rc1 Nf8 11. Qc2 Ng6 12. Rfd1 Bd7 13. e4 dxe4 14. Nxe4 Nxe4
15. Qxe4 Rc8 16. Ne5 Qe7 17. c5 Red8 18. b4 a6 19. Bf1 Nf8 20. Rc3 Be8 21. Re1
f6 22. Nf3 Bg6 23. Qe3 Bf7 24. a4 Ng6 25. Bh3 Re8 26. Qe2 Rcd8 27. Re3 Nf8 28.
Bf5 Qd7 29. Bh3 Qd5 30. Nh4 Bh5 31. Qc2 Bf7 32. Bg2 Qd7 33. f4 Ng6 34. Nxg6
Bxg6 35. Qb3 Bf5 36. Be4 Bg4 37. f5 Kh8 38. fxe6 Bxe6 39. Qc2 Bg8 40. Bf5 Rxe3
41. Rxe3 Qf7 42. Re4 Re8 43. Rh4 h6 44. Bg6 Re1+ 45. Kf2 Qe7 46. Qd2 Rh1 47.
Bc3 Bd5 48. Qd3 Rc1 49. Qd2 Rh1 50. Qc2 Bc4 51. Qe4 Rf1+ 52. Kg2 Bd5 53. Kxf1
Bxe4 54. Rxe4 Be5 55. dxe5 f5 56. Bxf5 Qg5 57. Rf4 g6 58. Bd7 1-0

[Event "Liga Madrileña - DH 2014-2015"]
[Site "Madrid ESP"]
[Date "2015.02.15"]
[Round "10.36"]
[White "Barranco Sanz, Luis Miguel"]
[Black "Suarez Triguero, Jose Alfonso"]
[Result "0-1"]
[WhiteElo "1988"]
[BlackElo "2074"]
[PlyCount "80"]
[EventDate "2014.11.23"]
[EventType "team-tourn"]
[EventRounds "14"]
[EventCountry "ESP"]
[Source "lmi"]
[SourceDate "2014.11.23"]
[WhiteTeam "Moratalaz"]
[BlackTeam "Liberty Chess"]
[WhiteTeamCountry "ESP"]
[BlackTeamCountry "ESP"]

1. d4 Nf6 2. Nf3 d6 3. b3 Bg4 4. Nbd2 Nbd7 5. Bb2 c6 6. g3 Qa5 7. Bg2 Ne4 8.
O-O Nxd2 9. Nxd2 Qh5 10. f3 Bh3 11. e4 d5 12. c4 Bxg2 13. Kxg2 e6 14. cxd5 cxd5
15. exd5 Qxd5 16. Nc4 Nf6 17. Ne3 Qd7 18. d5 Nxd5 19. Nxd5 Qxd5 20. Qxd5 exd5
21. Rfe1+ Kd7 22. Rad1 f6 23. Rxd5+ Kc6 24. Rd4 Bc5 25. Rc1 Rad8 26. Rxd8 Rxd8
27. Ba3 Rd2+ 28. Kh3 b6 29. b4 Rxa2 30. Rc3 a5 31. bxc5 b5 32. Rb3 Rc2 33. g4
Rc4 34. Kg3 b4 35. Bb2 Kb5 36. Re3 a4 37. h4 Rxc5 38. h5 h6 39. f4 Kc4 40. Kf3
Ra5 0-1

[Event "Liga Madrileña - DH 2014-2015"]
[Site "Madrid ESP"]
[Date "2015.02.15"]
[Round "10.41"]
[White "Vazquez Igarza, Renier"]
[Black "Fernandez Lledo, Javier"]
[Result "1-0"]
[WhiteElo "2597"]
[BlackElo "2256"]
[PlyCount "74"]
[EventDate "2014.11.23"]
[EventType "team-tourn"]
[EventRounds "14"]
[EventCountry "ESP"]
[Source "lmi"]
[SourceDate "2014.11.23"]
[WhiteTeam "Collado Villalba"]
[BlackTeam "Pueblo Nuevo"]
[WhiteTeamCountry "ESP"]
[BlackTeamCountry "ESP"]

1. Nf3 Nf6 2. c4 g6 3. Nc3 Bg7 4. d4 O-O 5. Bf4 d6 6. e3 Nbd7 7. Be2 c6 8. h3
a6 9. a4 a5 10. O-O Re8 11. Bh2 h6 12. Re1 Qb6 13. Qc2 Nb8 14. Bf1 Na6 15. e4
Nb4 16. Qd2 Nh7 17. e5 dxe5 18. c5 Qd8 19. Nxe5 Nf6 20. Bc4 Nfd5 21. Rac1 Rf8
22. Nxd5 Nxd5 23. Qd1 Kh7 24. Qb3 Ra7 25. Re2 Bf6 26. Rce1 h5 27. Nf3 Kg7 28.
Be5 Be6 29. Ng5 Bf5 30. Bxd5 Qxd5 31. Qb6 Rfa8 32. Bxf6+ Kxf6 33. h4 e6 34. Rd1
Qd8 35. Qb3 Qd5 36. Qg3 b6 37. Re5 Qd7 1-0

[Event "Liga Madrileña - DH 2014-2015"]
[Site "Madrid ESP"]
[Date "2015.02.15"]
[Round "10.42"]
[White "Nieto de la Cruz, Julio"]
[Black "Arribas Lopez, Angel"]
[Result "1-0"]
[WhiteElo "2178"]
[BlackElo "2537"]
[PlyCount "75"]
[EventDate "2014.11.23"]
[EventType "team-tourn"]
[EventRounds "14"]
[EventCountry "ESP"]
[Source "lmi"]
[SourceDate "2014.11.23"]
[WhiteTeam "Pueblo Nuevo"]
[BlackTeam "Collado Villalba"]
[WhiteTeamCountry "ESP"]
[BlackTeamCountry "ESP"]

1. d4 e6 2. c4 Nf6 3. Nf3 c5 4. d5 d6 5. Nc3 e5 6. g3 Be7 7. Bg2 O-O 8. O-O Ne8
9. a3 f5 10. b4 e4 11. Nd2 Bf6 12. Qc2 Nd7 13. Rb1 Ne5 14. Rd1 b6 15. f4 exf3
16. exf3 h5 17. Ne2 h4 18. Nf4 hxg3 19. hxg3 g5 20. Ne6 Bxe6 21. dxe6 Ng7 22.
f4 Ng4 23. Nb3 Rc8 24. bxc5 bxc5 25. Bd5 Kh7 26. Kg2 Rh8 27. Bf3 Nh6 28. fxg5
Bxg5 29. Bxg5 Qxg5 30. Rxd6 Rhg8 31. Rd7 Qf6 32. Re1 Kh8 33. Qd2 Rb8 34. Rf7
Qg6 35. Rh1 Kh7 36. Nxc5 Rgd8 37. Qc1 Rb6 38. Bh5 1-0

[Event "Liga Madrileña - DH 2014-2015"]
[Site "Madrid ESP"]
[Date "2015.02.15"]
[Round "10.43"]
[White "Moreno Ruiz, Javier"]
[Black "Iturbide Arnedo, Oscar"]
[Result "1-0"]
[WhiteElo "2470"]
[BlackElo "2168"]
[PlyCount "49"]
[EventDate "2014.11.23"]
[EventType "team-tourn"]
[EventRounds "14"]
[EventCountry "ESP"]
[Source "lmi"]
[SourceDate "2014.11.23"]
[WhiteTeam "Collado Villalba"]
[BlackTeam "Pueblo Nuevo"]
[WhiteTeamCountry "ESP"]
[BlackTeamCountry "ESP"]

1. d4 b6 2. e4 Bb7 3. Bd3 Nf6 4. Nc3 e6 5. Nge2 c5 6. d5 exd5 7. exd5 Nxd5 8.
Nxd5 Bxd5 9. Nf4 Be6 10. Be4 Na6 11. Nxe6 dxe6 12. Bc6+ Ke7 13. Bxa8 Qxa8 14.
O-O Qc6 15. Bf4 f6 16. Qe2 Nb4 17. c4 Kf7 18. a3 Na6 19. b4 Nc7 20. b5 Qb7 21.
Rad1 e5 22. Rd7+ Ke8 23. Rfd1 Qc8 24. Qg4 g6 25. Re7+ 1-0

[Event "Liga Madrileña - DH 2014-2015"]
[Site "Madrid ESP"]
[Date "2015.02.15"]
[Round "10.44"]
[White "Navarro Nicolas, Victor Manuel"]
[Black "Ortega Ruiz, Jose Miguel"]
[Result "0-1"]
[WhiteElo "2156"]
[BlackElo "2339"]
[PlyCount "86"]
[EventDate "2014.11.23"]
[EventType "team-tourn"]
[EventRounds "14"]
[EventCountry "ESP"]
[Source "lmi"]
[SourceDate "2014.11.23"]
[WhiteTeam "Pueblo Nuevo"]
[BlackTeam "Collado Villalba"]
[WhiteTeamCountry "ESP"]
[BlackTeamCountry "ESP"]

1. Nf3 Nf6 2. c4 g6 3. Nc3 Bg7 4. e4 d6 5. d4 O-O 6. Be2 Na6 7. O-O e5 8. Be3
Ng4 9. Bg5 Qe8 10. dxe5 dxe5 11. Qc1 h6 12. Bd2 Kh7 13. h3 Nf6 14. Be3 Nd7 15.
Rd1 c6 16. Rd6 Rg8 17. a3 Nac5 18. Qd1 Bf8 19. Rd2 a5 20. b3 a4 21. bxa4 Qe7
22. Qc2 Bg7 23. Rad1 Ne6 24. Qb2 Bf8 25. Rxd7 Bxd7 26. Qxb7 Rd8 27. Nxe5 Be8
28. Qxe7 Bxe7 29. Rxd8 Bxd8 30. Bg4 Bf6 31. f4 g5 32. Bxe6 fxe6 33. Kf2 gxf4
34. Bxf4 Rg5 35. Nf3 Rc5 36. Bd6 Rxc4 37. e5 Bd8 38. Ne2 Rxa4 39. Ke3 Bb6+ 40.
Ned4 Bd7 41. Kd3 c5 42. Nc2 Bc6 43. Kc3 Bd5 0-1

[Event "Liga Madrileña - DH 2014-2015"]
[Site "Madrid ESP"]
[Date "2015.02.15"]
[Round "10.45"]
[White "Bermejo Arruego, Luis"]
[Black "Barez Menendez, Hector"]
[Result "1-0"]
[WhiteElo "2174"]
[BlackElo "2144"]
[PlyCount "95"]
[EventDate "2014.11.23"]
[EventType "team-tourn"]
[EventRounds "14"]
[EventCountry "ESP"]
[Source "lmi"]
[SourceDate "2014.11.23"]
[WhiteTeam "Collado Villalba"]
[BlackTeam "Pueblo Nuevo"]
[WhiteTeamCountry "ESP"]
[BlackTeamCountry "ESP"]

1. e4 e5 2. Nf3 Nf6 3. Nc3 Nc6 4. d4 Bb4 5. Nxe5 Nxe4 6. Qd3 Nxc3 7. bxc3 Ba5
8. Nc4 O-O 9. Nxa5 Nxa5 10. Be2 d5 11. O-O Nc4 12. Qf3 Be6 13. Bd3 Qd7 14. Qh5
f5 15. Re1 Rfe8 16. Bf4 Nd6 17. Rab1 Bf7 18. Rxe8+ Rxe8 19. Qf3 g6 20. Be5 b6
21. Qf4 Rc8 22. h4 Nc4 23. Bxc4 dxc4 24. Qg5 Qd8 25. Bf6 h6 26. Bxd8 hxg5 27.
Bxg5 Re8 28. Kf1 Bd5 29. f3 Kf7 30. Kf2 c6 31. Bf4 Rh8 32. Kg3 Re8 33. Be5 Re7
34. Kf4 b5 35. Re1 a5 36. a3 Ra7 37. Kg5 Be6 38. g4 b4 39. cxb4 axb4 40. axb4
Ra2 41. h5 gxh5 42. gxh5 Rxc2 43. Rg1 Bd5 44. Kxf5 Bxf3 45. h6 Be2 46. Rg7+ Kf8
47. Ke6 Bd3 48. Bd6+ 1-0

[Event "Liga Madrileña - DH 2014-2015"]
[Site "Madrid ESP"]
[Date "2015.02.15"]
[Round "10.46"]
[White "De la Puerta Cresis, Javier"]
[Black "Cao Armillas, Jesus"]
[Result "1/2-1/2"]
[WhiteElo "2097"]
[BlackElo "2113"]
[PlyCount "63"]
[EventDate "2014.11.23"]
[EventType "team-tourn"]
[EventRounds "14"]
[EventCountry "ESP"]
[Source "lmi"]
[SourceDate "2014.11.23"]
[WhiteTeam "Pueblo Nuevo"]
[BlackTeam "Collado Villalba"]
[WhiteTeamCountry "ESP"]
[BlackTeamCountry "ESP"]

1. e4 c5 2. Nf3 d6 3. d4 cxd4 4. Nxd4 Nf6 5. Nc3 a6 6. Bc4 e6 7. O-O Be7 8. Bb3
O-O 9. f4 b5 10. f5 e5 11. Nde2 Bb7 12. Ng3 Nbd7 13. Bg5 Rc8 14. a3 a5 15. Re1
b4 16. axb4 axb4 17. Na4 h6 18. Bd2 Nc5 19. Bxb4 Nxb3 20. cxb3 d5 21. Bxe7 Qxe7
22. exd5 Rfd8 23. Qe2 Rxd5 24. Nc3 Qc5+ 25. Kh1 Rdd8 26. Qxe5 Qf2 27. Nce4 Nxe4
28. Nxe4 Qc2 29. f6 g5 30. Qe7 Bxe4 31. Qxe4 Qxb2 32. Rab1 1/2-1/2

[Event "Liga Madrileña - DH 2014-2015"]
[Site "Madrid ESP"]
[Date "2015.02.22"]
[Round "11.11"]
[White "Fernandez Lledo, Javier"]
[Black "Almagro Llamas, Pablo"]
[Result "1/2-1/2"]
[WhiteElo "2256"]
[BlackElo "2487"]
[PlyCount "100"]
[EventDate "2014.11.23"]
[EventType "team-tourn"]
[EventRounds "14"]
[EventCountry "ESP"]
[Source "lmi"]
[SourceDate "2014.11.23"]
[WhiteTeam "Pueblo Nuevo"]
[BlackTeam "Virgen de Atocha"]
[WhiteTeamCountry "ESP"]
[BlackTeamCountry "ESP"]

1. e4 c5 2. Nf3 Nc6 3. d4 cxd4 4. Nxd4 Nf6 5. Nc3 e6 6. Nxc6 bxc6 7. e5 Nd5 8.
Nxd5 cxd5 9. Bd3 Qh4 10. O-O Bc5 11. Qe2 O-O 12. Kh1 f6 13. f4 fxe5 14. Qxe5 d6
15. Qe1 Qxe1 16. Rxe1 Rb8 17. Rb1 e5 18. fxe5 Bf2 19. Re2 Bd4 20. Be3 Bxe5 21.
b3 Bb7 22. a4 a6 23. Bg1 g5 24. h3 g4 25. hxg4 Rf6 26. Be3 Rbf8 27. Kg1 Bg3 28.
g5 Re6 29. Bd4 Re5 30. Bxe5 dxe5 31. c4 d4 32. Rf1 Bh2+ 33. Kxh2 Rxf1 34. Rxe5
Rd1 35. Bxh7+ Kxh7 36. Re7+ Kg6 37. Rxb7 Kxg5 38. Rb6 Kf4 39. Rxa6 Rb1 40. Rf6+
Ke4 41. Re6+ Kf5 42. Rd6 Ke5 43. c5 Rxb3 44. a5 Rc3 45. a6 Rxc5 46. a7 Ra5 47.
Rd7 Ke4 48. Re7+ Kf5 49. Rd7 Ke4 50. Re7+ Kf5 1/2-1/2